000 00327nam a2200133 i 4500
001 bg
100 1 _aZIELIŃSKI, Zygmunt
245 0 _aModyfikacja gruntów i mas drogowych /
_cZygmunt Zieliński.
260 _aSzczecin,
_c1979.
040 _cBPK
041 _apol
942 _cKS
008 s pl f |000 0 pol
999 _c19091
_d19091
856 _uhttp://koha.tu.koszalin.pl/cgi-bin/koha/opac-detail.pl?biblionumber=19091
_yKatalog online BPK